banner-ar

التسرب التعليمى / (Record no. 60223)

MARC details
000 -الفاتح
حقل البيانات ثابتة الطول 01096nam a22002897a 4500
005 - وقت وتاريخ اخر تعامل مع التسجيلة
رقم الضبط 20240530110359.0
008 - عناصر البيانات ثابتة الطول - معلومات عامة
حقل البيانات ثابتة الطول 150117s2008 ua g b 000 0 ara d
017 ## - رقم الايداع القانونى
رقم الايداع القانونى 2008/13012
المصدر ( الهيئة المختصة) مصر . دار الكتب المصرية
020 ## - الرقم الدولى المعيارى للكتب
الرقم الدولى المعيارى للكتاب 9774311337
040 ## - مصدر الفهرسة
وكالة الفهرسة الأصلية EG-CaGPL
041 0# - رمز اللغة
رمز لغة النص/ المسارات الصوتية أو العنوان الانفرادي ara
082 04 - رقم تصنيف ديوى العشرى
رقم الطبعة 21
رقم التصنيف 371.8019\
رقم المادة ع ت
100 0# - المدخل الرئيسى - إسم شخصى
الإسم الشخصى عبدالحميد محمد على
245 12 - بيان العنوان
العنوان التسرب التعليمى /
بيان المسئوليه,etc عبدالحميد محمد على ؛ منى ابراهيم قرشى
250 ## - بيان الطبعة
بيان الطبعة ط 1
260 ## - PUBLICATION, DISTRIBUTION, ETC. (IMPRINT)
تاريخ النشر أو التوزيع 2008
300 ## - الوصف المادى
التعداد 184 ص ؛
أبعاد الوعاء 24 سم
490 0# - بيان السلسلة
عنوان السلسلة سلسلة الاضطرابات النفسية
504 ## - تبصرة ببليوجرافية
تبصرة ببليوجرافية,الخ يشتمل على ارجاعات ببليوجرافية
650 04 - المدخل الاضافى بالموضوع-مصطلح موضوعى
مصطلح موضوعي الجمعيات الاهلية
التقسيم الفرعي العام التعليم
650 04 - المدخل الاضافى بالموضوع-مصطلح موضوعى
مصطلح موضوعي الطلبة
التقسيم الفرعي العام تسرب
650 04 - المدخل الاضافى بالموضوع-مصطلح موضوعى
مصطلح موضوعي التأخر الدراسى
650 04 - المدخل الاضافى بالموضوع-مصطلح موضوعى
مصطلح موضوعي التسرب من التعليم
700 0# - المدخل الاضافى - اسم شخصى
الإسم الشخصى منى ابراهيم قرشى
الدور مقدم
942 ## - عناصر المدخل الإضافي( كوها)
مصدر التصنيف او مخطط الترفيف Dewey Decimal Classification
Koha [default] item type كتاب
260 ## - PUBLICATION, DISTRIBUTION, ETC. (IMPRINT)
-- القاهرة :
-- مؤسسة طيبة للطبع و النشر ،
Holdings
حالة التراجع حالة الفقد حالة تلف ليس للاعارة المكان المؤقت الموقع الحالى تاريخ الاكتساب اجمالي اﻻعارات رقم الطلب الباركود تاريخ اخر مشاهدة تاريخ تفعيل السعر نوع وعاء كوها
        مكتبة القاهرة الكبرى مكتبة القاهرة الكبرى 01/17/2015   371.8019\ ع ت 159228 01/17/2015 01/17/2015 كتاب

Powered By

EGPV